000 01702nam a2200277 4500
001 439
003 OSt
005 20250627150739.0
008 250627b |||||||e |||| 00| 1 eng d
020 _a8572530746
040 _bpor
041 _hpor
082 _a133.93
_bR666t
100 _aRoboels
_c(espirito)
_9962
245 _aTransplante de amor /
_cRoboels (espirito) ; Psicografado por Kühl Eurípedes
260 _aSão Paulo
_bPetit
_c2001
300 _a156 p.
520 _aAri e Luíza tinham uma vida admirável. Ele, um geólogo bem-sucedido, é premiado com o título o "homem do ano", ela, com sua estonteante beleza, é eleita "a mulher do século". Casal brindado pelo dinheiro e sucesso, atraía olhares de curiosos, despertando sentimentos de admiração e inveja por onde quer que passasse. A vida social agitada e a agenda sempre repleta de inúmeros compromissos impediam que o casal se dedicasse a Anderson e Meire, seus filhos, mas isso não era motivo de preocupação, afinal, a ausência deles era preenchida por excelentes bens materiais. O transplante - Mas o tempo foi passando e o estresse, aumentando na mesma proporção da fortuna, até que Ari se depara com uma doença cardíaca. A única solução para salvá-lo é um transplante... A partir dessa descoberta, todo o enfoque de vida familiar se altera e valores até então esquecidos são despertados, transformando o cotidiano de cada personagem
650 0 _aLiteratura Brasileira
_9205
650 0 _aPsicografias
_9485
650 0 _aFicção Espirita
_9963
650 0 _aTransplantes de órgãos
_9964
655 0 _aRomance
_923
700 _aKühl Eurípides
_e(MÉDIUM)
_9965
942 _2ddc
_n0
_cBK
999 _c439
_d439